[Event "ISR-chT U14"]
[Site "Afula"]
[Date "2022.08.23"]
[Round "7"]
[White "Bercovici, Yaniv"]
[Black "Rinberg, David"]
[Result "1/2-1/2"]
[WhiteElo "1548"]
[BlackElo "1564"]
[PlyCount "48"]
[EventDate "2022.08.21"]
[EventType "team-tourn"]
[EventRounds "9"]
[EventCountry "ISR"]
[SourceTitle "CBM 210 Extra"]
[Source "ChessBase"]
[SourceDate "2022.11.30"]
[SourceVersion "1"]
[SourceVersionDate "2022.11.30"]
[SourceQuality "1"]

1. c4 Nf6 2. Nc3 d5 3. cxd5 Nxd5 4. g3 g6 5. Bg2 Nxc3 6. bxc3 Bg7 7. Nf3 0-0 8. d4 c5 9. 0-0 Nc6 10. e3 Qa5 11. Qb3 b5 12. Ne5 Bxe5 13. Bxc6 Be6 14. Qxb5 Qxb5 15. Bxb5 cxd4 16. cxd4 Bd6 17. a4 Rac8 18. Ba3 Bxa3 19. Rxa3 Rc7 20. e4 Rfc8 21. Kg2 Bc4 22. Rc1 a6 23. Rxc4 Rxc4 24. Bxa6 Rc3 1/2-1/2

[Event "ISR-chT U14"]
[Site "Afula"]
[Date "2022.08.21"]
[Round "2"]
[White "Rinberg, David"]
[Black "Abitbul, Matan"]
[Result "1-0"]
[WhiteElo "1564"]
[BlackElo "1258"]
[PlyCount "59"]
[EventDate "2022.08.21"]
[EventType "team-tourn"]
[EventRounds "9"]
[EventCountry "ISR"]
[SourceTitle "CBM 210 Extra"]
[Source "ChessBase"]
[SourceDate "2022.11.30"]
[SourceVersion "1"]
[SourceVersionDate "2022.11.30"]
[SourceQuality "1"]

1. e4 Nf6 2. e5 Nd5 3. d4 d6 4. Nf3 Nc6 5. Be2 dxe5 6. Nxe5 Nxe5 7. dxe5 Bf5 8. 0-0 e6 9. c4 Nb6 10. Be3 Be7 11. Nd2 0-0 12. f4 c6 13. g4 Bd3 14. Rf2 Bxe2 15. Qxe2 Qc7 16. g5 Rad8 17. h4 Bb4 18. h5 Rxd2 19. Bxd2 Bxd2 20. Qxd2 Nxc4 21. Qd3 Nb6 22. Re1 Rd8 23. Qh3 Nd5 24. g6 Re8 25. f5 Qe7 26. Qg4 f6 27. gxh7+ Kxh7 28. Qg6+ Kg8 29. exf6 Qxf6 30. Qxe8+ 1-0